Rozvoj aplikácií Business Intelligence v podniku diplomová práca

Enregistré dans:
Détails bibliographiques
Auteur principal: Minariková, Jana
Collectivité auteur: Fakulta podnikového manažmentu EU. Katedra informačného manažmentu
Autres auteurs: Kokles, Mojmír
Format: Livre
Langue:slovaque
Publié: Bratislava 2011
Tags: Ajouter un tag
Pas de tags, Soyez le premier à ajouter un tag!

MARC

LEADER 00000nbm a2200000 4500
001 0131660
005 20170315090421.7
041 0 |a slo 
044 |a SK 
245 1 0 |a Rozvoj aplikácií Business Intelligence v podniku  |b diplomová práca  |c Jana Minariková ; školiteľ:Mojmír Kokles 
264 1 |a Bratislava  |c 2011 
300 |a 63 s. 
100 1 |a Minariková, Jana 
700 1 |a Kokles, Mojmír 
710 2 |a Fakulta podnikového manažmentu EU. Katedra informačného manažmentu